=LDR 00000nam 2200000 4500 =001 INLIS000000000021967 =005 20130612120755 =008 ***********************************Ind** =035 ##$$0010-061300000021967 =041 ##$$a Ind =082 ##$$a 320.507 =090 ##$$a 320.507, Sam-p =100 ##$$a SAMSUDIN =245 ##$$a Pendidikan Pancasila dan Kewarganegaraan 2 untuk Kelas 2 SLTP Berdasarkan Kurikulum Pendidika dasar 1994, Drs. Samsudin =260 ##$$a 1995 $b Surakarta =300 ##$$a 96 hlm., ilus., 26 cm =650 ##$$a Pancasila - Kewarganegaraan - Pengajaran =850 ##$$a NBPNMAT